[Event "Dortmund"]
[Site "Dortmund"]
[Date "1994.??.??"]
[Round "4"]
[White "Karpov, Anatoly"]
[Black "Lutz, Christopher"]
[Result "1-0"]
[WhiteElo "2740"]
[BlackElo "2595"]
[Annotator "Ftacnik,Lubomir"]
[PlyCount "137"]
[EventDate "1994.07.??"]
[EventType "tourn"]
[EventRounds "9"]
[EventCountry "GER"]
[EventCategory "16"]
[SourceTitle "CBM 042"]
[Source "ChessBase"]
[SourceDate "1994.10.01"]
[SourceVersion "1"]
[SourceVersionDate "1994.10.01"]
[SourceQuality "1"]

1. d4 d5 2. c4 c6 3. Nf3 Nf6 4. Nc3 e6 5. e3 Nbd7 6. Bd3 dxc4 7. Bxc4 b5 8. Bd3 a6 9. e4 c5 10. d5 c4 11. dxe6 cxd3 12. exd7+ Qxd7 13. O-O Bb7 14. Re1 Be7 15. e5 Nd5 16. Ne4 (16. Qxd3 Nxc3 17. Qxc3 O-O 18. Bg5 Rac8 19. Qe3 Bxg5 20. Nxg5 Rc2 $44 {Karpov,An-Lutz,C/BL 9394/1994/}) 16... O-O (16... Nb4 17. Nf6+ $1) 17. Qxd3 Qg4 (17... h6 $5) 18. Nfg5 $1 (18. Ng3) 18... Rad8 ({RR} 18... Rfd8 19. h3 Qh5 20. Ng3 Qg6 21. Qxg6 hxg6 22. a3 Rac8 23. Nf3 b4 24. Bg5 f6 25. exf6 gxf6 26. Bd2 Kf7 27. axb4 Bxb4 28. Ra4 Bxd2 29. Nxd2 g5 30. Nc4 Kg6 31. Re6 Kf7 32. Re1 Kg6 33. b3 {Piket,J (2670)-Shirov,A (2710) Aruba 1995 ½-½ (44)}) ({RR} 18... Bxg5 19. Bxg5 h6 20. h3 Qh5 21. Bd2 Qxe5 22. Ng5 Qxe1+ 23. Rxe1 hxg5 24. Bxg5 Rfe8 25. Rxe8+ Rxe8 26. Qd4 f6 27. Bd2 Kf7 28. h4 Re6 29. Qa7 Re7 30. Qb8 Rd7 31. h5 Ne7 32. Bb4 Be4 33. a3 {Wiersma,E (2353)-Boidman,Y (2398) Belgium 2013 1-0 (44)}) 19. a3 f5 $146 (19... Nf4 $2 20. Nf6+ $1 gxf6 21. Qxh7#) ({RR} 19... h6 20. h3 Qxg2+ 21. Kxg2 Nf4+ 22. Bxf4 Rxd3 23. Nf3 f5 24. exf6 Bxf6 25. Ne5 Bxe5 26. Bxe5 Rd2 27. Kg1 Rc2 28. f4 Rfc8 29. Re3 R8c4 30. Rae1 g5 31. f5 b4 32. axb4 Rxb4 33. Bc3 Rb5 34. Nf6+ {Horvath,C (2485)-Wegerer,F (2320) Budapest 1997 1-0 (34)}) ({RR} 19... Bxg5 20. Bxg5 Nf4 21. Qg3 Ne2+ 22. Rxe2 Qxe2 23. Bxd8 Bxe4 24. Ba5 Qxb2 25. Bc3 Qb3 26. e6 Bg6 27. Bb4 Qxg3 28. hxg3 Re8 29. e7 a5 30. Bc5 f6 31. Rd1 Kf7 32. Rd8 h5 33. Kf1 Bc2 34. Ke2 {Rat,D (2345)-Boidman,Y (2419) Trier 2002 1-0 (60)}) 20. exf6 gxf6 21. Qh3 Qxh3 22. Nxh3 $16 Rfe8 23. Bd2 Kf7 (23... f5 24. Nc3) 24. Re2 Bc6 25. Ba5 (25. Rae1 b4) 25... Rc8 26. Rd1 Bf8 (26... b4 27. axb4 Nxb4 28. Nf4 $16) 27. Ng3 Rxe2 28. Nxe2 Re8 29. Nd4 Bb7 30. Kf1 Bd6 31. g3 Be5 32. Ng1 $1 Ne7 33. Nge2 (33. Ngf3 $2 Bxf3 34. Nxf3 Bxb2 $10) 33... Rc8 34. Rd3 (34. Bc3 Nd5) 34... Ba8 35. Ke1 Re8 36. Kd1 Rc8 37. Bc3 Nd5 38. Ba5 Ne7 (38... Bb7 39. f4 Bd6 40. Nf5 $16) 39. Rc3 Be4 (39... Rxc3 40. Bxc3 Nd5 41. Bd2 $16) 40. Re3 (40. Rxc8 $5 Nxc8 41. Bc3 $16) 40... Bg6 41. Rc3 (41. f4 Nd5 42. Rb3 Bd6) 41... Re8 42. Rc5 Bd3 43. Bc3 Bd6 44. Rh5 $8 Rd8 (44... Kg6 45. Rh4 Nd5 46. Bd2 $16) 45. Ke1 Re8 46. Kd2 Bg6 47. Rh4 Nd5 48. Nc6 Nb6 (48... Nxc3 49. Nxc3 Bc5 50. Rf4 Bd6 51. Rf3 Rc8 $132) 49. Na5 Na4 50. Nb7 Bb8 51. Bd4 Rc8 52. b3 (52. Bc3 Nxb2 $1 53. Bxb2 Rc2+) 52... Rc2+ 53. Ke3 Nb2 54. Nf4 Nd1+ 55. Kf3 Be5 56. Nxg6 Kxg6 57. Bxe5 Rxf2+ 58. Ke4 Re2+ 59. Kd5 Ne3+ (59... Rxe5+ 60. Kc6 Re6+ 61. Kc7 Re3 62. Nc5 Rc3 63. Kb6 $16) 60. Ke6 Nc2 61. Rg4+ Kh5 62. Rg7 fxe5 (62... Rxe5+ 63. Kxf6 $18) 63. h4 Nd4+ 64. Kf6 Kh6 (64... Rf2+ 65. Kxe5 Nf3+ 66. Ke4 $16) 65. Rg8 e4 66. Nd6 Rf2+ (66... e3 $4 67. Nf7+ Kh5 68. Rg5#) 67. Ke5 Nc6+ 68. Kxe4 Rf6 69. Ne8 1-0

[Event "World-ch30-KK1 Karpov-Kasparov +5-3=40"]
[Site "Moscow"]
[Date "1985.01.30"]
[Round "47"]
[White "Karpov, Anatoly"]
[Black "Kasparov, Garry"]
[Result "0-1"]
[WhiteElo "2705"]
[BlackElo "2715"]
[PlyCount "64"]
[EventDate "1984.09.10"]
[EventType "match"]
[EventRounds "48"]
[EventCountry "URS"]
[SourceTitle "MainBase"]
[Source "ChessBase"]
[SourceDate "1999.07.01"]
[SourceVersion "2"]
[SourceVersionDate "1999.07.01"]
[SourceQuality "1"]

1. Nf3 Nf6 2. c4 e6 3. d4 d5 4. Nc3 c6 5. Bg5 Nbd7 6. e3 Qa5 7. cxd5 Nxd5 8. Qd2 N7b6 9. Nxd5 Qxd2+ 10. Nxd2 exd5 11. Bd3 a5 ({RR} 11... Bd6 12. f3 h6 13. Bh4 O-O 14. e4 Bf4 15. Bf2 Be6 16. g3 dxe4 17. Nxe4 Bc7 18. O-O Rad8 19. Nc5 Bc8 20. b4 Nd5 21. a3 Rfe8 22. Rfe1 Rxe1+ 23. Rxe1 Kf8 24. Rc1 a6 25. Rb1 Bb6 26. Re1 {Louis,V (2057)-Boidman,Y (2304) Engers GER 2023 ½-½ (58)}) 12. a4 $146 ({RR} 12. a3 Bd6 13. f3 c5 14. dxc5 Bxc5 15. Ke2 a4 16. Bf4 Ke7 17. Rac1 Bd6 18. Bxd6+ Kxd6 19. e4 Bd7 20. exd5 Nxd5 21. Ne4+ Ke7 22. Kf2 Rhd8 23. Rhe1 Kf8 24. Bc4 Bc6 {½-½ (24) Gueye,E-Saunders,R Sharjah 1985}) 12... Bb4 13. Ke2 Bg4+ 14. f3 Bh5 15. h4 O-O 16. g4 Bg6 17. b3 Bxd3+ 18. Kxd3 Rfe8 19. Rac1 c5 20. Bf4 Rac8 21. dxc5 Nd7 22. c6 bxc6 23. Rhd1 Nc5+ 24. Kc2 f6 25. Nf1 Ne6 26. Bg3 Red8 27. Bf2 c5 28. Nd2 c4 29. bxc4 Nc5 30. e4 d4 31. Nb1 d3+ 32. Kb2 d2 0-1

[Event "World-ch29 Karpov-Kortschnoj +6-2=10"]
[Site "Merano"]
[Date "1981.10.12"]
[Round "5"]
[White "Kortschnoj, Viktor Lvovich"]
[Black "Karpov, Anatoly"]
[Result "1/2-1/2"]
[WhiteElo "2650"]
[BlackElo "2690"]
[Annotator "Chandler,Murray G"]
[PlyCount "89"]
[EventDate "1981.10.01"]
[EventType "match"]
[EventRounds "18"]
[EventCountry "ITA"]
[SourceTitle "MainBase"]
[Source "ChessBase"]
[SourceDate "1999.07.01"]
[SourceVersion "2"]
[SourceVersionDate "1999.07.01"]
[SourceQuality "1"]

1. c4 {Krasenkow,Michal Kavalek,Lubomir} e6 2. Nc3 d5 3. d4 Be7 4. Nf3 Nf6 5. Bg5 h6 6. Bh4 O-O 7. Rc1 b6 8. cxd5 Nxd5 9. Nxd5 exd5 10. Bxe7 Qxe7 11. g3 {Nach der Fianchettierung des Königsläufers will Weiß Druck auf den sB d5 aus- üben.} Ba6 12. e3 {Dieser Zug bietet ein scharfes Bauernopfer an, das in der 13.Partie des ct 1974 Petrosjan-Portisch nicht angenommen wurde.} (12. Bg2 Re8 13. Ne5 Nd7 $3 14. Rxc7 Rac8 $1 {Weiß hat die Wahl zwischen zwei schlechten Möglichkeiten . Um diese Gefahr zu vermeiden, muß Weiß den Abtausch seines Königsläufers anbieten.}) 12... c5 ({RR} 12... Bb7 13. Bg2 c5 ({RR} 13... Ba6 14. Ne5) 14. Ne5 ({RR} 14. dxc5 {RR} bxc5 15. O-O Nd7 16. Qb3 Rfb8 17. Qa3 Qe6 18. Rfd1 a5 19. Ne1 a4 20. Nd3 d4 21. e4) 14... c4 15. O-O b5 16. b3 Nd7 17. Nxd7 Qxd7 18. bxc4 dxc4 ({RR} 18... bxc4) 19. d5 b4 ({RR} 19... a5) 20. Rxc4 Ba6 21. Rxb4 Bxf1 22. Bxf1 Rab8 23. Rg4 ({RR} 23. Rb3 Qa4) 23... Rb1 24. Qxb1 Qxg4 25. Qb7 Qa4 26. Bb5 Qxa2 27. d6 {Ponomariov,R (2726)-Fridman,D (2655) Dortmund 2012 CBM 150 [Krasenkow,Michal] ½-½ (33)} {RR} Qb1+ 28. Kg2 a6 29. Qxa6 Qe4+ 30. Kg1 Qb1+ 31. Bf1 Rd8) 13. dxc5 ({RR} 13. Bxa6 Nxa6 14. O-O Nc7 ({RR} 14... Qb7 15. b3 Rac8 16. Nh4 Rfd8 17. Qg4 Kh7 18. Rfd1 g6 19. Nf3) ({RR} 14... c4) 15. b3 Rac8 16. Re1 Rfd8 17. h4 Ne8) 13... bxc5 $146 ({RR} 13... Bb7 14. Bg2 ({RR} 14. cxb6 d4 15. Rc7 Qb4+) ({RR} 14. c6 Nxc6 15. Bg2 d4) 14... bxc5 15. O-O Nd7 16. Qb3 Rfb8 17. Qa3 Qe6 18. Rfd1 a5 19. Ne1 a4 20. Nd3 d4 21. Bxb7 ({RR} 21. e4) 21... Rxb7 22. exd4 cxd4 23. Re1 Qd5 24. Rc2 Nf8 25. Nf4 Qa5 26. Rce2 Qb5 27. Qf3 Rab8 28. h4 {Kortschnoj,V (2650)-Karpov,A (2690) Merano 1981 MainBase [Kavalek,Lubomir] ½-½ (31)}) ({RR} 13... Bb7 14. Bg2 bxc5 15. O-O Nd7 16. Qb3 Rfb8 17. Qa3 Qe6 18. Rfd1 a5 19. Ne1 a4 20. Nd3 d4 21. Bxb7 Rxb7 22. exd4 cxd4 23. Re1 Qd5 24. Rc2 Nf8 25. Nf4 Qa5 26. Rce2 Qb5 27. Qf3 Rab8 28. h4 {Dalhoff,G-Schmitt Germany 1991 ½-½ (38)}) 14. Bxa6 Nxa6 15. Qxd5 {Die entscheidenden Fragen sind: Kann Weiß seinen Materialvorteil festhalten, oder erhält Schwarz ausreichende Kompensation?} Nb4 16. Qc4 Qf6 17. Nh4 (17. Qe2 Rfd8 {Mit der Drohung 18...Sa2:.} 18. a3 Qxb2 $1 19. Qxb2 Nd3+ 20. Ke2 Nxb2 {Weiß steht im Endspiel doch etwas besser.}) 17... Qxb2 {Auch die Idee, mit 17...g5 (s.Var.) den Springer außer Spiel zu bringen verdient Beachtung.} 18. O-O Qxa2 19. Qxa2 (19. Qg4 Qe6 20. Nf5 Qf6 21. Rxc5 Nd3 22. Ra5 Rfe8 $1 {Mit den Verteidigungsmöglichkeiten Te5 u. Se5.}) 19... Nxa2 20. Rxc5 Rfc8 21. Ra5 Nc1 22. Nf5 Rc7 23. Nd4 Rb8 24. Ra1 Nd3 25. Rfd1 Ne5 {Weiß besitzt einen winzigen Vorteil, der isolierte sB a7 stellt ein Angriffs- ziel dar. Aber um diesen B zu gewinnen, muß Weiß in jedem Fall den Tausch der S und eines Turmpaares hinnehmen - dann haben wir eine Remisstellung.} 26. Ra2 g6 27. Rda1 Rbb7 28. h3 h5 {Eine nützliche Verteidigungsmaßnahme für den Fall (der hier eintritt), daß ein Turmendspiel mit vier gegen drei Bauern auf derselben Seite entsteht. Als das noch weniger bekannt war, gelang es wiederholt, solche Endspiele zu gewinnen.} 29. Kg2 Kg7 30. Ra5 Nc6 31. Nxc6 Rxc6 32. Rxa7 Rxa7 33. Rxa7 Rc2 34. e4 Rc3 35. Ra2 Kf6 36. f3 Rb3 37. Kf2 Rc3 38. Ke2 Rb3 39. Ra6+ Ke7 40. Ra5 Kf6 41. Rd5 Ra3 42. Rd6+ Kg7 43. h4 Rb3 44. Rd3 Rb5 45. Ke3 1/2-1/2

[Event "World-ch30-KK1 Karpov-Kasparov +5-3=40"]
[Site "Moscow"]
[Date "1984.11.12"]
[Round "23"]
[White "Karpov, Anatoly"]
[Black "Kasparov, Garry"]
[Result "1/2-1/2"]
[WhiteElo "2700"]
[BlackElo "2710"]
[PlyCount "44"]
[EventDate "1984.09.10"]
[EventType "match"]
[EventRounds "48"]
[EventCountry "URS"]
[SourceTitle "MainBase"]
[Source "ChessBase"]
[SourceDate "1999.07.01"]
[SourceVersion "2"]
[SourceVersionDate "1999.07.01"]
[SourceQuality "1"]

1. Nf3 d5 2. d4 Nf6 3. c4 e6 4. Nc3 Be7 5. Bg5 h6 6. Bh4 O-O 7. Rc1 dxc4 8. e3 c5 9. Bxc4 cxd4 10. Nxd4 Bd7 11. O-O Nc6 12. Nb3 Rc8 13. Be2 Nd5 14. Bxe7 Ncxe7 15. Nxd5 Nxd5 16. Rxc8 Qxc8 17. Qd4 Qb8 $146 ({RR} 17... b6 18. Rc1 Qb8 19. e4 Nf4 20. Bf1 Rd8 {½-½ (20) Kortschnoj,V (2650)-Short,N (2615) Brussels 1986}) 18. Bf3 Nf6 19. Nc5 Bb5 20. Rd1 b6 21. Ne4 Nxe4 22. Bxe4 Rc8 1/2-1/2

[Event "World-ch30-KK1 Karpov-Kasparov +5-3=40"]
[Site "Moscow"]
[Date "1984.11.02"]
[Round "21"]
[White "Karpov, Anatoly"]
[Black "Kasparov, Garry"]
[Result "1/2-1/2"]
[WhiteElo "2700"]
[BlackElo "2710"]
[PlyCount "61"]
[EventDate "1984.09.10"]
[EventType "match"]
[EventRounds "48"]
[EventCountry "URS"]
[SourceTitle "MainBase"]
[Source "ChessBase"]
[SourceDate "1999.07.01"]
[SourceVersion "2"]
[SourceVersionDate "1999.07.01"]
[SourceQuality "1"]

1. Nf3 d5 2. d4 Nf6 3. c4 e6 4. Nc3 Be7 5. Bg5 h6 6. Bxf6 Bxf6 7. Qd2 dxc4 8. e4 c5 9. d5 exd5 10. e5 Bg5 11. Qxd5 Nc6 12. Bxc4 O-O 13. O-O Qxd5 14. Bxd5 Nb4 15. Nxg5 $146 ({RR} 15. Be4 f5 16. Bd5+ Nxd5 17. Nxd5 Bd8 18. Rfd1 Re8 19. Rac1 b6 20. b4 cxb4 21. Nxb4 Bb7 22. Nc6 Bg5 23. Nxg5 hxg5 24. Rd7 Bxc6 25. Rxc6 Rad8 26. Rxd8 Rxd8 27. g3 Rd2 28. e6 Re2 29. a4 g4 {Ubilava,E (2470)-Dorfman,J (2515) Tashkent 1984 ½-½}) ({RR} 15. Be4 Rb8 16. a3 Na6 17. Nxg5 hxg5 18. Nb5 Bd7 19. Nd6 b5 20. f4 gxf4 21. Rxf4 Be6 22. Raf1 Nc7 23. R1f3 b4 24. Rh4 g6 25. g4 Kg7 26. Nf5+ gxf5 27. gxf5 Rg8 28. fxe6 Nxe6 29. Kf1 Kf8 {Beliavsky,A (2565)-Olafsson,H Thessaloniki 1984 1-0 (47)}) 15... Nxd5 16. Nxd5 hxg5 17. f4 gxf4 18. Rxf4 Rd8 19. Nc7 Rb8 20. Raf1 Rd7 21. Nb5 Re7 22. Nxa7 Bd7 23. a4 Ra8 24. Nb5 Bxb5 25. axb5 Ra5 26. b6 Rb5 27. b4 cxb4 28. Rb1 b3 29. Rf3 b2 30. Rf2 Rexe5 31. Rfxb2 1/2-1/2

[Event "Ekaterinburg UrFO-ch"]
[Site "Ekaterinburg"]
[Date "2008.03.19"]
[Round "5"]
[White "Rassokhina, Ekaterina"]
[Black "Karpov, Alexander"]
[Result "0-1"]
[WhiteElo "2032"]
[BlackElo "2325"]
[PlyCount "70"]
[EventDate "2008.03.15"]
[EventType "swiss"]
[EventRounds "9"]
[EventCountry "RUS"]
[SourceTitle "EXT 2009"]
[Source "ChessBase"]
[SourceDate "2008.11.26"]
[SourceVersion "1"]
[SourceVersionDate "2008.11.26"]
[SourceQuality "1"]

1. d4 d5 2. Nf3 e6 3. c4 Nf6 4. Nc3 c6 5. Bg5 Be7 6. e3 Nbd7 7. Bd3 dxc4 8. Bxc4 Nd5 9. Bxe7 Qxe7 10. e4 ({RR} 10. Qb3 O-O 11. O-O N5b6 12. Bd3 e5 13. Qc2 h6 14. Rfe1 Re8 15. Rad1 Nd5 16. Nxd5 cxd5 17. dxe5 Nxe5 18. Be2 Nc6 19. Nd4 Nxd4 20. Rxd4 Be6 21. Red1 Rec8 22. Qb3 Rc6 23. Qa4 Qc7 24. R4d2 Rc5 {Kavalek,L (2540)-Harandi,K (2380) Manila 1976 1-0 (60)}) 10... Nf4 ({RR} 10... Nxc3 11. bxc3 Nf6 12. Qc2 O-O 13. O-O Rd8 14. Bd3 g6 15. Rfd1 c5 16. Qb2 cxd4 17. cxd4 b6 18. e5 Nd5 19. Nd2 Bb7 20. Be4 Nf4 21. Bxb7 Qxb7 22. Nf3 {½-½ (22) Plamenac,A (1843)-Damjanovic,R (1812) Herceg Novi 2022}) 11. O-O e5 $146 ({RR} 11... b5 12. Bb3 Bb7 13. Qd2 Ng6 14. d5 Rd8 15. dxc6 Bxc6 16. Nd4 Nc5 17. Qe3 Qb7 18. Nxc6 Qxc6 19. Rfc1 Rd3 20. Qe2 O-O 21. Nxb5 Qxb5 22. Rxc5 Qxc5 23. Qxd3 Ne5 24. Qd2 Rc8 25. Rd1 g6 26. Qd4 {Koepcke,K-Schoof,A Mecklenburg VP 1997 1-0 (39)}) ({RR} 11... Nb6 12. Bb3 Bd7 13. Qd2 Ng6 14. e5 O-O 15. Ne4 Rad8 16. Nd6 Bc8 17. Qa5 Nd5 18. Qxa7 Ndf4 19. g3 Nd5 20. Qc5 Qd7 21. Rac1 f6 22. Nxc8 Rxc8 23. Rfe1 f5 24. Bxd5 cxd5 25. Qd6 Rcd8 26. Qxd7 {Weiland,M-Laubersheimer,W Bad Bergzabern 1997 1-0 (44)}) 12. Ne2 Nxe2+ 13. Qxe2 exd4 14. Nxd4 Ne5 15. Bb3 O-O 16. f4 Qc5 17. Qe3 Ng4 18. Qc3 Qb6 19. h3 c5 20. hxg4 cxd4 21. Qf3 Bd7 22. Rf2 a5 23. f5 a4 24. Bc4 Rac8 25. Bd3 a3 26. Rb1 Qh6 27. bxa3 Rc3 28. Rc2 Rfc8 29. Qe2 Ba4 30. Rxc3 dxc3 31. Bc2 Qd2 32. Bd3 Bc2 33. Kf2 Qxe2+ 34. Kxe2 Bxb1 35. Bxb1 c2 0-1

[Event "World-ch33-KK4 Kasparov-Karpov +4-4=16"]
[Site "Seville"]
[Date "1987.12.04"]
[Round "20"]
[White "Kasparov, Garry"]
[Black "Karpov, Anatoly"]
[Result "1/2-1/2"]
[WhiteElo "2740"]
[BlackElo "2700"]
[Annotator "Bulletin"]
[PlyCount "74"]
[EventDate "1987.10.12"]
[EventType "match"]
[EventRounds "24"]
[EventCountry "ESP"]
[SourceTitle "MainBase"]
[Source "ChessBase"]
[SourceDate "1999.07.01"]
[SourceVersion "2"]
[SourceVersionDate "1999.07.01"]
[SourceQuality "1"]

1. c4 e6 2. Nc3 d5 3. d4 Be7 4. Nf3 Nf6 5. Qc2 O-O 6. Bg5 c5 7. dxc5 dxc4 8. e4 Qa5 {N; 8...h6} 9. e5 Nd5 10. Bxc4 Nxc3 11. O-O $1 Qxc5 (11... Bxg5 12. Nxg5 g6 13. bxc3 Qxc5 14. Qe4 Nc6 15. Rfe1 Nxe5 $2 16. Qxe5 Qxc4 17. Ne4 $18) (11... Nd5 12. Bxd5 Qxc5 13. Qxc5 Bxc5 14. Be4 $16) (11... Nc6 12. Bxe7 Nxe7 13. Qxc3 Qxc3 14. bxc3 $14) 12. Qxc3 Nc6 (12... b6 13. Rac1 Bb7 $10) 13. Bxe7 Qxe7 14. a3 $14 Bd7 15. Rac1 Rfd8 16. b4 $146 (16. Qe3 $5) ({RR} 16. Qe3 h6 17. Bd3 Be8 18. h4 a5 19. Qe4 f5 20. exf6 Qxf6 21. Bc4 Rd6 22. Rfe1 Bf7 23. Rc3 Rad8 24. g4 Rd4 25. Nxd4 Rxd4 26. Qe2 e5 27. Bxf7+ Kxf7 28. g5 hxg5 29. Qh5+ Qg6 30. Qxg6+ Kxg6 {Lerner,K (2523)-Volman,H (2197) Givataim 2005 1-0 (54)}) 16... a6 $6 (16... b5 17. Bd3 (17. Bxb5 Nxb4 18. Bxd7 Nd5 $10) 17... a5 18. Be4 axb4 19. axb4 Rac8 $10) 17. Qe3 Be8 18. Bd3 Na7 19. Bb1 (19. Qe4 Rxd3 20. Qxd3 Bb5 $10) 19... Bc6 (19... Bb5 20. Qe4 g6 21. Rfe1 $14) 20. Ng5 h6 21. Ne4 Nb5 22. Rc4 (22. a4 Nd4 23. Nd6 Qg5 24. Qxg5 hxg5 $15) 22... Bxe4 (22... Bd5 $2 23. Nf6+ $18) 23. Bxe4 Rac8 24. Rxc8 (24. Rcc1 $14) 24... Rxc8 25. Rc1 Rxc1+ 26. Qxc1 Qd7 27. g3 b6 $1 28. Kg2 Qd8 $1 29. h4 a5 (29... h5 $5) 30. bxa5 bxa5 31. Qc5 Nd4 32. h5 f5 $1 (32... Nb3 33. Qc3 Qd4 34. Qd3 Qxd3 35. Bxd3 $18) (32... Nf5 33. g4 Nd4 $1 (33... Ne7 34. Qd6 Qe8 35. Qc7 $16)) 33. Bb7 (33. exf6 gxf6 34. Kh2 $14) 33... Kf7 34. Kh2 Qb8 35. Qxd4 (35. Bg2 Qb2 36. f4 Qf2 37. Qc7+ Kg8 38. Qe7 $10) 35... Qxb7 36. g4 Qf3 37. Qd7+ Kf8 1/2-1/2

[Event "World-ch29 Karpov-Kortschnoj +6-2=10"]
[Site "Merano"]
[Date "1981.10.24"]
[Round "9"]
[White "Kortschnoj, Viktor Lvovich"]
[Black "Karpov, Anatoly"]
[Result "0-1"]
[WhiteElo "2650"]
[BlackElo "2690"]
[Annotator "Hecht,Hans Joachim"]
[PlyCount "86"]
[EventDate "1981.10.01"]
[EventType "match"]
[EventRounds "18"]
[EventCountry "ITA"]
[SourceTitle "MainBase"]
[Source "ChessBase"]
[SourceDate "1999.07.01"]
[SourceVersion "2"]
[SourceVersionDate "1999.07.01"]
[SourceQuality "1"]

1. c4 e6 2. Nc3 d5 3. d4 Be7 4. Nf3 Nf6 5. Bg5 h6 6. Bh4 O-O 7. Rc1 dxc4 8. e3 c5 9. Bxc4 cxd4 10. exd4 Nc6 11. O-O Nh5 ({RR} 11... b6 12. a3 Bb7 13. Qd3 Nd5 14. Bxe7 Ncxe7 15. Ne2 Ng6 16. Qd2 Qd6 17. Rfd1 Rfd8 18. Bxd5 Qxd5 19. Nf4 Qf5 20. Nxg6 Qxg6 21. Qf4 Rac8 22. Rxc8 Rxc8 23. Ne1 Bd5 24. f3 Qg5 25. Qxg5 hxg5 26. Kf2 {Chen,H (2442)-Zuo,Y (2287) Nanjing CHN 2024 ½-½}) 12. Bxe7 Nxe7 13. Bb3 $146 {Unternehmender war gewiß 13.Sf3-e5 oder auch 13.Tf1-e1.} ({RR} 13. d5 exd5 14. Nxd5 Nxd5 15. Qxd5 Qxd5 16. Bxd5 {½-½ (16) Knezevic,M (2500)-Tal,M (2605) Cologne 1982}) ({RR} 13. d5 exd5 14. Bxd5 Nxd5 15. Nxd5 Nf6 16. Nc7 Qxd1 17. Rfxd1 Rb8 18. h3 Bf5 19. Nd5 Nxd5 20. Rxd5 Be4 21. Rd4 Rfe8 22. Rc7 Rbd8 23. b4 Rd5 24. Rxd5 Bxd5 25. b5 a6 26. a4 axb5 27. axb5 Bxf3 {Vidit,S (2695)-Giri,A (2783) Wijk aan Zee 2019 ½-½ (36)}) ({RR} 13. Re1 Nf6 14. Ne5 Bd7 15. Qb3 Rb8 16. Rcd1 b5 17. Nxd7 Nxd7 18. Bd3 Nf6 19. Bb1 a6 20. Ne4 Ned5 21. g3 Rb6 22. Nc5 Rc6 23. a3 Qb6 24. Qd3 Rd8 25. b4 Rc7 26. Qd2 Ra8 27. Rc1 a5 {Christiansen,L (2585)-Karpov,A (2720) London 1982 ½-½ (45)}) ({RR} 13. Re1 Nf6 14. Ne5 Bd7 15. d5 exd5 16. Nxd5 Nexd5 17. Bxd5 Nxd5 18. Qxd5 Be6 19. Qxb7 Qa5 20. a3 Rab8 21. Qf3 Rxb2 22. Nc6 Qg5 23. Nxa7 Rb3 24. h4 Qxh4 25. Rc3 Bd5 26. Qe3 Qg4 27. Qg3 Qxg3 {Browne,W (2585)-Chandler,M (2470) Surakarta 1982 0-1 (50)}) 13... Nf6 14. Ne5 Bd7 {Außerordentlich vorsichtig gespielt. 14...b6 würde Felderschwächen hervorrufen und 15.Df3 ermöglichen.} 15. Qe2 Rc8 16. Ne4 $2 {Der erste einer Reihe wirklich unverständlicher Züge. Naheliegend war z.B. Tcd1 oder Tfd1. Jetzt wird der Damenbauer langsam aber sicher zum Sorgenkind.} Nxe4 17. Qxe4 Bc6 18. Nxc6 $2 Rxc6 (18... Nxc6 19. d5) 19. Rc3 (19. Rxc6 bxc6 20. Rc1 {Nebst ggf. Tc4.}) 19... Qd6 20. g3 Rd8 21. Rd1 Rb6 22. Qe1 {Vom 20.Zug an scheint Kortchnoi seine Figuren recht unentschlossen und planlos herumzuziehen, was aber im wesentlichen daran liegt, daß seine Stellung jeg- liche Dynamik eingebüßt hat.} (22. Bc2 g6 {Weiß hätte nun nur Sorgen mit dem Bauern b2.}) 22... Qd7 23. Rcd3 Rd6 24. Qe4 Qc6 25. Qf4 (25. Qxc6 Nxc6 26. d5 Nb4) 25... Nd5 26. Qd2 Qb6 {Ganz offenkundig ist das Gesetz des Handelns auf Schwarz übergegangen. Er- schwerend kommt die drängende Zeitnot hinzu.} 27. Bxd5 $2 {Richtig war zweifellos 27.a3, um einfach auszuharren.} Rxd5 28. Rb3 Qc6 29. Qc3 Qd7 30. f4 $2 {Ein positionell schauriger Bauernzug. Er schafft nicht nur eine Reihe zusätz- licher Felderschwächen im Zentrum (e3 u. e4), sondern legt die 2.Reihe völlig bloß und ist der Sicherheit des weißen Königs absolut abträglich.} b6 (30... b5 31. Ra3 $1) 31. Rb4 b5 32. a4 bxa4 33. Qa3 (33. Qc4 Rc8) 33... a5 $1 34. Rxa4 Qb5 $1 {Die Dezimierung der Bauern am Damenflügel ist zwar grundsätzlich ein Fort-   schritt, er wurde aber nur durch eine erhebliche Verschlechterung der Figuren- stellung erkauft.} 35. Rd2 e5 $1 36. fxe5 Rxe5 {Nun droht entscheidend Te5-e1+.} 37. Qa1 (37. Rf2 Re1+ 38. Kg2 Qc6+ 39. d5 $1 Qxd5+ 40. Qf3) 37... Qe8 {Wegen der Drohung Te5-e1+ muß der Turm e5 nun doch genommen werden, wonach dem anderen Turm der entscheidende Einbruch in die 2.Reihe gelingt.} 38. dxe5 Rxd2 39. Rxa5 {Rettet genausowenig wie jeder andere Zug auch, z.B. s.Var..} (39. Qe1 Qd7 40. e6 fxe6 41. Ra1 Qd4+ {usw.}) 39... Qc6 40. Ra8+ Kh7 41. Qb1+ g6 42. Qf1 Qc5+ {Natürlich nicht 42...Da8? 43.Df7:+ mit Dauerschach.} 43. Kh1 Qd5+ {Weiß gab auf, da er nach dem unvermeidlichen Td1 die Dame verliert. Eine unverständlich schwache Leistung von Kortschnoj.} 0-1